Tilastot visalle Satelliittikuvia #2

Klikkaa tästä pelataksesi tätä visaa!

Yleistilastot

  • Tätä visaa on pelattu 295 kertaa
  • Keskiarvotulos 13 / 17

Vastaustilastot

Vastaus% Oikein
Afrikka
98%
Intia
97%
Norja
96%
Ranska
95%
Florida
92%
Turkki
89%
Alpit
87%
Etelä-Afrikka
87%
Uusi-Seelanti
85%
Panama
84%
Korea
71%
Meksikonlahti
71%
Pyreneiden niemimaa
71%
Venetsia
68%
Persianlahti
53%
Egeanmeri
51%
Siinai
45%

Tulosjakauma

Persentiili vastausten määrän mukaan

Jokaisen tuloksen saaneiden osuus

Tuloshistoriasi

Et ole pelannut tätä visaa